000 00530nmm a2200169Ia 4500
008 251105s9999||||xx |||||||||||||||||und||
020 _a9788499218236
041 _aspa
100 _aRubió Sánchez, Tomàs
245 0 _aRecursos humanos: dirección y gestión de personas en las organizaciones
264 _a[Madrid, España] :
_bOctaedro,
_c2016
300 _a272 páginas
490 _aHorizontes-Educación
650 _aEconomics and Business
856 _uhttps://public.digitaliapublishing.com/a/59030
942 _cCF
999 _c92547
_d92547